[Event "Gran Canaria-ch Seniors 50"]
[Site "Gran Canaria"]
[Date "2020.02.18"]
[Round "5"]
[White "Parsons, Alan"]
[Black "Haenen, Tom"]
[Result "1-0"]
[WhiteElo "1781"]
[BlackElo "1595"]
[PlyCount "41"]
[EventDate "2020.02.04"]
[EventType "swiss"]
[EventRounds "7"]
[EventCountry "ESP"]
[SourceTitle "CBM 195 Extra"]
[Source "ChessBase"]
[SourceDate "2020.05.31"]
[SourceVersion "1"]
[SourceVersionDate "2020.05.31"]
[SourceQuality "1"]

1. d4 Nf6 2. Nc3 g6 3. e4 d6 4. Bg5 Bg7 5. f4 c6 6. Bd3 Qc7 7. Qf3 Nbd7 8. e5 dxe5 9. dxe5 Nxe5 10. fxe5 Qxe5+ 11. Qe3 Qxe3+ 12. Bxe3 Ng4 13. Bd2 Bd4 14. Nf3 Be3 15. 0-0-0 Be6 16. h3 Bxd2+ 17. Rxd2 Nf6 18. Ng5 Bd5 19. Re1 e6 20. Rf2 h6 21. Nxe6 1-0

[Event "Gran Canaria-ch Seniors 50"]
[Site "Gran Canaria"]
[Date "2020.02.14"]
[Round "4"]
[White "Santana Chacopino, Carlos"]
[Black "Haenen, Tom"]
[Result "0-1"]
[WhiteElo "1368"]
[BlackElo "1595"]
[PlyCount "148"]
[EventDate "2020.02.04"]
[EventType "swiss"]
[EventRounds "7"]
[EventCountry "ESP"]
[SourceTitle "CBM 195 Extra"]
[Source "ChessBase"]
[SourceDate "2020.05.31"]
[SourceVersion "1"]
[SourceVersionDate "2020.05.31"]
[SourceQuality "1"]

1. d4 Nf6 2. Bf4 d6 3. Nf3 g6 4. e3 Bg7 5. Be2 0-0 6. 0-0 Nbd7 7. c3 Nh5 8. Bg5 h6 9. Bh4 Qe8 10. Nbd2 Nhf6 11. Re1 e5 12. dxe5 Nxe5 13. Nxe5 Qxe5 14. Nf3 Qe7 15. Nd4 g5 16. Bg3 Ne4 17. Bg4 f5 18. Bf3 Nxg3 19. hxg3 c6 20. Qc2 g4 21. Be2 d5 22. Bd3 Qg5 23. Ne2 Bd7 24. Nf4 Rae8 25. Kf1 Be5 26. Ke2 Bxf4 27. gxf4 Qxf4 28. Rf1 Qg5 29. Rae1 f4 30. Qd2 g3 31. fxg3 Rxe3+ 32. Kd1 Rxg3 33. Rf2 Bf5 34. Bxf5 Qxf5 35. Kc1 Qg5 36. Kc2 Qg6+ 37. Kb3 f3 38. Rxf3 Rgxf3 39. gxf3 Rxf3 40. Qh2 Rg3 41. Qh4 Rg5 42. Qh2 Rg3 43. Qh4 Qg5 44. Qd4 a5 45. Qc5 Qd8 46. Qf2 Rg5 47. Qh4 Qf8 48. Re6 Kh7 49. Qe1 Rg7 50. Qb1+ Kg8 51. Qd3 Qf7 52. Qe2 d4 53. Qc4 Kh7 54. cxd4 Rg5 55. Re3 Qxc4+ 56. Kxc4 Rg7 57. Kc5 h5 58. Kb6 Kh6 59. Kxa5 h4 60. Kb6 Rh7 61. d5 cxd5 62. Re6+ Kg5 63. Re5+ Kf4 64. Rxd5 h3 65. a4 h2 66. Rd1 h1Q 67. Rxh1 Rxh1 68. b4 Rh7 69. b5 Ke5 70. a5 Kd6 71. Ka7 Kc7 72. b6+ Kc6 73. Ka8 Rg7 74. Ka7 Rg1 0-1

[Event "Las Palmas de Gran Canaria op 1st"]
[Site "Las Palmas de Gran Canaria"]
[Date "2019.12.23"]
[Round "5"]
[White "Sanchez Ramirez, Gustavo"]
[Black "Haenen, Tom"]
[Result "1-0"]
[WhiteElo "1618"]
[BlackElo "1603"]
[PlyCount "69"]
[EventDate "2019.10.12"]
[EventType "swiss"]
[EventRounds "6"]
[EventCountry "ESP"]
[SourceTitle "EXT 2024"]
[Source "ChessBase"]
[SourceDate "2023.10.10"]
[SourceVersion "1"]
[SourceVersionDate "2023.10.10"]
[SourceQuality "1"]

1. e4 g6 2. d4 Bg7 3. Nf3 d6 4. h3 Nd7 5. Bc4 e6 6. 0-0 a6 7. Nc3 Ne7 8. Bf4 h6 9. e5 d5 10. Bd3 c5 11. dxc5 Nxc5 12. Ne2 Bd7 13. Ned4 Nxd3 14. Qxd3 0-0 15. h4 Nc6 16. g3 Rc8 17. c3 Qe7 18. Rfe1 b5 19. Qd2 Kh7 20. Nh2 Nxd4 21. cxd4 h5 22. Bg5 f6 23. exf6 Bxf6 24. Nf3 Rc6 25. Re5 Rg8 26. Rae1 Qg7 27. Bxf6 Qxf6 28. Ng5+ Kg7 29. Qe3 Re8 30. Re2 a5 31. Nh3 b4 32. Nf4 Rd6 33. Rxh5 Bb5 34. Rc2 Qd8 35. Qe5+ 1-0

[Event "Gran Canaria Santana Memorial 7th"]
[Site "Gran Canaria"]
[Date "2019.11.19"]
[Round "5"]
[White "Almeida Cubas, Mirella"]
[Black "Haenen, Tom"]
[Result "0-1"]
[WhiteElo "1456"]
[BlackElo "1592"]
[PlyCount "108"]
[EventDate "2019.11.05"]
[EventType "swiss"]
[EventRounds "7"]
[EventCountry "ESP"]
[SourceTitle "CBM 193 Extra"]
[Source "ChessBase"]
[SourceDate "2020.01.31"]
[SourceVersion "1"]
[SourceVersionDate "2020.01.31"]
[SourceQuality "1"]

1. c4 g6 2. g3 Bg7 3. Bg2 e5 4. Nc3 d6 5. Nf3 Ne7 6. 0-0 f5 7. d3 c6 8. Rb1 h6 9. Qc2 Be6 10. b4 d5 11. cxd5 Nxd5 12. Bd2 0-0 13. a4 Nd7 14. Rfc1 Rc8 15. Qd1 Qe7 16. Nxd5 cxd5 17. b5 Qf7 18. Rxc8 Rxc8 19. Rc1 Qe8 20. Bb4 Bf8 21. Bxf8 Qxf8 22. Qd2 Kg7 23. Qb2 Rxc1+ 24. Qxc1 Qd6 25. Qc3 Kf7 26. Nd2 Qc5 27. Qxc5 Nxc5 28. a5 e4 29. d4 Na4 30. Bf1 Nc3 31. e3 Bd7 32. Nb3 b6 33. axb6 axb6 34. Na1 Nxb5 35. Nc2 Nc3 36. Nb4 Ke7 37. Kg2 Kd6 38. h3 Kc7 39. f3 b5 40. Na6+ Kb6 41. Nc5 Bc8 42. Kf2 b4 43. fxe4 fxe4 44. Nb3 Ba6 45. Bxa6 Kxa6 46. Ke1 Kb5 47. Kd2 Ka4 48. Kc2 Ka3 49. Nc5 Na4 50. Nb3 Nb6 51. Nc5 Nc4 52. Na6 Nxe3+ 53. Kb1 Nf5 54. Nc7 e3 0-1

[Event "Gran Canaria Cabildo op"]
[Site "Gran Canaria"]
[Date "2019.03.19"]
[Round "3"]
[White "Diaz Hernandez, Juan Jose"]
[Black "Haenen, Tom"]
[Result "0-1"]
[WhiteElo "1001"]
[BlackElo "1629"]
[PlyCount "72"]
[EventDate "2019.03.12"]
[EventType "swiss"]
[EventRounds "7"]
[EventCountry "ESP"]
[SourceTitle "CBM 189 Extra"]
[Source "ChessBase"]
[SourceDate "2019.06.03"]
[SourceVersion "1"]
[SourceVersionDate "2019.06.03"]
[SourceQuality "1"]

1. d4 Nf6 2. Nf3 d6 3. Bf4 g6 4. h3 Bg7 5. Nc3 h6 6. e4 0-0 7. Qd2 Kh7 8. g4 Ng8 9. 0-0-0 a6 10. Bd3 b5 11. Rdg1 c5 12. h4 cxd4 13. Ne2 e5 14. Ng5+ Kh8 15. Bg3 Bxg4 16. Re1 Bh5 17. Ng1 Nd7 18. f3 Ndf6 19. Rf1 hxg5 20. hxg5 Nh7 21. Bh4 Ne7 22. Ne2 f5 23. gxf6 Bxf6 24. Ng3 Bxh4 25. Rxh4 Ng8 26. Rfh1 Rxf3 27. Nxh5 gxh5 28. Rxh5 Ra7 29. Qh2 Ngf6 30. Qh4 Rf4 31. Qg5 Rg7 32. Rxh7+ Rxh7 33. Rxh7+ Kxh7 34. Qg2 Qf8 35. b3 Qh6 36. a4 Rf2+ 0-1

[Event "Gran Canaria op Seniors"]
[Site "Gran Canaria"]
[Date "2019.02.26"]
[Round "6"]
[White "Haenen, Tom"]
[Black "Bozinovic, Boban"]
[Result "0-1"]
[WhiteElo "1644"]
[BlackElo "1969"]
[PlyCount "68"]
[EventDate "2019.02.07"]
[EventType "swiss"]
[EventRounds "7"]
[EventCountry "ESP"]
[SourceTitle "CBM 189 Extra"]
[Source "ChessBase"]
[SourceDate "2019.06.03"]
[SourceVersion "1"]
[SourceVersionDate "2019.06.03"]
[SourceQuality "1"]

1. Nf3 c5 2. e4 d6 3. d3 g6 4. g3 Bg7 5. Bg2 Nc6 6. c3 Nf6 7. 0-0 0-0 8. h3 Qc7 9. Nbd2 d5 10. a3 Rd8 11. Qe2 b6 12. exd5 Nxd5 13. Rb1 Bf5 14. Ne4 e5 15. Bd2 h6 16. g4 Be6 17. b4 cxb4 18. cxb4 Qd7 19. Rfd1 Re8 20. Ne1 Nd4 21. Qf1 Rac8 22. Rdc1 f5 23. gxf5 gxf5 24. Ng3 Rxc1 25. Bxc1 Nc3 26. Rb2 Rc8 27. Bd2 Nd5 28. Nh5 f4 29. Nf3 Nf5 30. Nxg7 Qxg7 31. Qe2 e4 32. d4 e3 33. Kh1 Bf7 34. fxe3 Ng3+ 0-1

[Event "Gran Canaria op Seniors"]
[Site "Gran Canaria"]
[Date "2019.02.21"]
[Round "5"]
[White "Diaz Mendoza, Eladio"]
[Black "Haenen, Tom"]
[Result "0-1"]
[WhiteElo "1501"]
[BlackElo "1644"]
[PlyCount "98"]
[EventDate "2019.02.07"]
[EventType "swiss"]
[EventRounds "7"]
[EventCountry "ESP"]
[SourceTitle "CBM 189 Extra"]
[Source "ChessBase"]
[SourceDate "2019.06.03"]
[SourceVersion "1"]
[SourceVersionDate "2019.06.03"]
[SourceQuality "1"]

1. e4 g6 2. d4 Bg7 3. c3 d6 4. Nf3 Nf6 5. Bd3 0-0 6. 0-0 Nbd7 7. Re1 e5 8. d5 h6 9. h3 Nh5 10. Be3 Nf4 11. Bxf4 exf4 12. Qd2 g5 13. Na3 Ne5 14. Nxe5 Bxe5 15. f3 Re8 16. Rac1 a6 17. Nc4 Bg7 18. Bc2 Bd7 19. a4 b6 20. Qd3 b5 21. axb5 axb5 22. Nd2 Be5 23. Nb3 c5 24. dxc6 Qb6+ 25. Kh1 Bxc6 26. Nd4 Bd7 27. b4 Ra3 28. Bd1 Rc8 29. Be2 Qc7 30. Nxb5 Bxb5 31. Qxb5 Rxc3 32. Rb1 Qa7 33. Qd5 Qa3 34. b5 Rc1 35. Qd2 R1c2 36. Qd1 Bb2 37. Bf1 Rc1 38. Rxc1 Rxc1 39. Qe2 Qc5 40. Rxc1 Bxc1 41. Qd1 Ba3 42. Qd5 Qc1 43. Qd3 Bc5 44. Kh2 Qe1 45. Qe2 Qg3+ 46. Kh1 h5 47. Qb2 Qe1 48. Qe2 Qb4 49. Kh2 Qd4 0-1

[Event "Gran Canaria op Seniors"]
[Site "Gran Canaria"]
[Date "2019.02.12"]
[Round "2"]
[White "Sanchez Montesdeoca, Isaac"]
[Black "Haenen, Tom"]
[Result "1-0"]
[WhiteElo "1733"]
[BlackElo "1644"]
[PlyCount "71"]
[EventDate "2019.02.07"]
[EventType "swiss"]
[EventRounds "7"]
[EventCountry "ESP"]
[SourceTitle "CBM 189 Extra"]
[Source "ChessBase"]
[SourceDate "2019.06.03"]
[SourceVersion "1"]
[SourceVersionDate "2019.06.03"]
[SourceQuality "1"]

1. e4 g6 2. h4 h5 3. d4 Bg7 4. c4 d6 5. Nc3 c6 6. Be3 a6 7. Bd3 Nd7 8. Nge2 Ndf6 9. Qc2 Ng4 10. Bg5 f6 11. Bd2 e5 12. f3 N4h6 13. 0-0-0 Ne7 14. Kb1 Qc7 15. Be3 Be6 16. Na4 b5 17. cxb5 axb5 18. Bxb5 Bd7 19. dxe5 fxe5 20. Bc4 c5 21. Nac3 Nf7 22. Nb5 Bxb5 23. Bxb5+ Kf8 24. Nc3 Bf6 25. Bc4 Rd8 26. Qb3 Rh7 27. g4 Nh8 28. g5 Bg7 29. Rd2 Nc6 30. Nd5 Qc8 31. Qc3 Nd4 32. Rf1 Nf7 33. f4 exf4 34. Bxd4 cxd4 35. Qb3 Be5 36. Nxf4 1-0

[Event "Gran Canaria op Seniors"]
[Site "Gran Canaria"]
[Date "2019.02.07"]
[Round "1"]
[White "Diaz Hernandez, Juan Jose"]
[Black "Haenen, Tom"]
[Result "0-1"]
[WhiteElo "1001"]
[BlackElo "1644"]
[PlyCount "68"]
[EventDate "2019.02.07"]
[EventType "swiss"]
[EventRounds "7"]
[EventCountry "ESP"]
[SourceTitle "CBM 189 Extra"]
[Source "ChessBase"]
[SourceDate "2019.06.03"]
[SourceVersion "1"]
[SourceVersionDate "2019.06.03"]
[SourceQuality "1"]

1. d4 g6 2. c3 Bg7 3. Bf4 d6 4. e4 Nd7 5. Nf3 Ngf6 6. Bd3 Nh5 7. Be3 e5 8. d5 Nf4 9. Bf1 Qe7 10. c4 b6 11. g3 Nh5 12. Nc3 a6 13. a4 0-0 14. h4 Ndf6 15. Qd2 Ng4 16. Bg5 f6 17. Be3 Nxe3 18. Qxe3 f5 19. Qg5 Qf7 20. Qd2 f4 21. Ng5 Qe7 22. Be2 fxg3 23. Bxh5 gxf2+ 24. Ke2 gxh5 25. Qd3 Bg4+ 26. Kd2 Bh6 27. Kc2 Bxg5 28. hxg5 Qxg5 29. Qg3 Bd1+ 30. Raxd1 Qxg3 31. Ne2 Qg2 32. Rhf1 h4 33. Kb1 Qxe4+ 34. Ka1 Qxe2 0-1

[Event "Gran Canaria Santana Memorial 6th"]
[Site "Gran Canaria"]
[Date "2018.12.04"]
[Round "7.6"]
[White "Sanchez Montesdeoca, Isaac"]
[Black "Haenen, Tom"]
[Result "1-0"]
[WhiteElo "1737"]
[BlackElo "1652"]
[PlyCount "81"]
[EventDate "2018.11.16"]
[EventType "swiss"]
[EventRounds "7"]
[EventCountry "ESP"]
[SourceTitle "EXT 2024"]
[Source "ChessBase"]
[SourceDate "2023.10.10"]
[SourceVersion "1"]
[SourceVersionDate "2023.10.10"]
[SourceQuality "1"]

1. e4 g6 2. d4 Bg7 3. Be3 a6 4. Bc4 e6 5. Bb3 d6 6. c4 c5 7. Nc3 Qc7 8. Nge2 Ne7 9. Qd2 h6 10. 0-0-0 Nd7 11. f4 b5 12. cxb5 c4 13. Ba4 d5 14. e5 Qa5 15. bxa6 Bxa6 16. g4 Kd8 17. Bxd7 Kxd7 18. f5 gxf5 19. gxf5 Nxf5 20. Ng3 Nxe3 21. Qxe3 h5 22. Qf3 Raf8 23. Nxh5 Bh6+ 24. Kb1 Bc8 25. h4 Ke8 26. Rh3 Bd7 27. Qe2 Kd8 28. Rg3 Be8 29. Rf1 Rhg8 30. Rfg1 Rg6 31. Nf6 Rxg3 32. Rxg3 Qb4 33. h5 Qe7 34. Qg4 Bc6 35. Ng8 Rxg8 36. Qxg8+ Be8 37. Qg4 f5 38. exf6 Qxf6 39. Rf3 Qh8 40. Qxe6 Qh7+ 41. Qf5 1-0

[Event "Gran Canaria Santana Memorial 6th"]
[Site "Gran Canaria"]
[Date "2018.11.30"]
[Round "5.11"]
[White "Haenen, Tom"]
[Black "Moreno Diepa, Diego"]
[Result "1/2-1/2"]
[WhiteElo "1652"]
[BlackElo "1456"]
[PlyCount "71"]
[EventDate "2018.11.16"]
[EventType "swiss"]
[EventRounds "7"]
[EventCountry "ESP"]
[SourceTitle "EXT 2024"]
[Source "ChessBase"]
[SourceDate "2023.10.10"]
[SourceVersion "1"]
[SourceVersionDate "2023.10.10"]
[SourceQuality "1"]

1. d4 Nf6 2. Nc3 d5 3. Bg5 e6 4. e4 dxe4 5. Nxe4 Be7 6. Bxf6 Bxf6 7. Nf3 Be7 8. c3 0-0 9. Bd3 f5 10. Ng3 Nc6 11. Qe2 Bf6 12. Nh5 Kh8 13. Nxf6 Qxf6 14. Ne5 Nxe5 15. Qxe5 Qxe5+ 16. dxe5 Bd7 17. f4 Bc6 18. 0-0 Rad8 19. Rad1 Bd5 20. c4 Bc6 21. Be2 Kg8 22. Rxd8 Rxd8 23. Rd1 Rxd1+ 24. Bxd1 Be4 25. b4 Kf8 26. Kf2 Ke7 27. g3 Kd7 28. Ke3 c6 29. Kd4 Ke7 30. a4 a6 31. Be2 Kd7 32. Kc5 Kc7 33. a5 Bh1 34. Bd1 Bg2 35. Bb3 Bh1 36. Bc2 1/2-1/2

[Event "Gran Canaria Santana Memorial 6th"]
[Site "Gran Canaria"]
[Date "2018.11.23"]
[Round "3.10"]
[White "Haenen, Tom"]
[Black "Santana Garcia, Juan Antonio"]
[Result "1-0"]
[WhiteElo "1652"]
[BlackElo "1930"]
[PlyCount "119"]
[EventDate "2018.11.16"]
[EventType "swiss"]
[EventRounds "7"]
[EventCountry "ESP"]
[SourceTitle "EXT 2024"]
[Source "ChessBase"]
[SourceDate "2023.10.10"]
[SourceVersion "1"]
[SourceVersionDate "2023.10.10"]
[SourceQuality "1"]

1. d4 Nf6 2. Nc3 g6 3. Bg5 Bg7 4. e4 d6 5. Qd2 0-0 6. f3 Nbd7 7. Bh6 c5 8. Bxg7 Kxg7 9. h4 cxd4 10. Qxd4 Qb6 11. 0-0-0 Qxd4 12. Rxd4 Nc5 13. Bc4 Bd7 14. Nge2 a6 15. a3 b5 16. Ba2 a5 17. Nd5 Nxd5 18. Bxd5 Rab8 19. b4 axb4 20. axb4 Ne6 21. Rdd1 Rfc8 22. Kb2 Rc7 23. Bb3 Rbc8 24. g4 Nd8 25. Rd2 Nc6 26. c3 Ne5 27. Rf1 Nc4+ 28. Bxc4 Rxc4 29. Ra1 R4c7 30. Ra3 Be6 31. g5 Bc4 32. Nf4 h6 33. Nd5 Rb7 34. Ne3 hxg5 35. Nxc4 bxc4 36. hxg5 Rh8 37. Ra1 Rh3 38. Rf1 Rg3 39. f4 Re3 40. e5 dxe5 41. fxe5 Rxe5 42. Rg1 Re4 43. Rgg2 Ra7 44. Rde2 Rxe2+ 45. Rxe2 f6 46. Re4 Rc7 47. gxf6+ exf6 48. Rd4 g5 49. b5 Kf7 50. Ka3 Ke7 51. Kb4 Ke6 52. b6 Rb7 53. Kb5 f5 54. Kc6 f4 55. Kxb7 f3 56. Kc6 f2 57. Rd1 g4 58. b7 g3 59. b8Q g2 60. Qg8+ 1-0

[Event "Las Palmas Montalvo Memorial 11th"]
[Site "Las Palmas"]
[Date "2018.03.27"]
[Round "5"]
[White "Ramirez Maillo, Cristian"]
[Black "Haenen, Tom"]
[Result "1-0"]
[WhiteElo "1913"]
[BlackElo "1656"]
[PlyCount "101"]
[EventDate "2018.03.24"]
[EventType "swiss"]
[EventRounds "9"]
[EventCountry "ESP"]
[SourceTitle "CBM 183 Extra"]
[Source "ChessBase"]
[SourceDate "2018.04.19"]
[SourceVersion "1"]
[SourceVersionDate "2018.04.19"]
[SourceQuality "1"]

1. e4 g6 2. d4 Bg7 3. Nc3 a6 4. Be3 d6 5. f4 b5 6. Bd3 Bb7 7. Nf3 Nd7 8. 0-0 Nh6 9. h3 f6 10. Qd2 Nf7 11. d5 Qc8 12. Nd4 Nd8 13. f5 g5 14. h4 h6 15. Qd1 0-0 16. Qh5 Ne5 17. Kf2 Qd7 18. hxg5 fxg5 19. Rh1 Qe8 20. Qh3 Qg6 21. Nf3 Qf6 22. Nxe5 dxe5 23. Ke2 Nf7 24. Nd1 c6 25. dxc6 Bxc6 26. Nf2 Be8 27. Ng4 Qc6 28. Rac1 Rd8 29. c4 Rxd3 30. Kxd3 bxc4+ 31. Rxc4 Qd6+ 32. Kc2 Bb5 33. Rc3 Rd8 34. Nf2 Qd7 35. Rd1 Nd6 36. Kb1 Qb7 37. Bc5 Rb8 38. Bxd6 exd6 39. Rxd6 Bc6 40. Rb3 Bxe4+ 41. Nd3 Qc7 42. Rxb8+ Qxb8 43. Rxa6 Qb5 44. Ra3 Qb6 45. Rc3 Qf2 46. g4 Qe1+ 47. Kc2 Qe2+ 48. Kc1 Bf8 49. a3 Bxd3 50. Rxd3 e4 51. Rd2 1-0

[Event "Las Palmas Montalvo Memorial 11th"]
[Site "Las Palmas"]
[Date "2018.03.25"]
[Round "2"]
[White "Haenen, Tom"]
[Black "Roque Hernandez, Francisco"]
[Result "1/2-1/2"]
[WhiteElo "1656"]
[BlackElo "1285"]
[PlyCount "94"]
[EventDate "2018.03.24"]
[EventType "swiss"]
[EventRounds "9"]
[EventCountry "ESP"]
[SourceTitle "CBM 183 Extra"]
[Source "ChessBase"]
[SourceDate "2018.04.19"]
[SourceVersion "1"]
[SourceVersionDate "2018.04.19"]
[SourceQuality "1"]

1. d4 Nf6 2. Nc3 d5 3. Bg5 e6 4. e4 h6 5. Bxf6 gxf6 6. exd5 exd5 7. Bd3 Nc6 8. Nge2 Bg4 9. f3 Be6 10. a3 a6 11. Qd2 Qd6 12. 0-0-0 h5 13. Kb1 Bh6 14. f4 h4 15. Na4 b6 16. Rc1 f5 17. g3 h3 18. c3 Na5 19. Qc2 c5 20. Bxf5 c4 21. Bxe6 Qxe6 22. Rce1 Kd8 23. Nc1 Qc6 24. Re3 Re8 25. Rhe1 Rxe3 26. Rxe3 Bf8 27. Re5 b5 28. Nc5 Bxc5 29. dxc5 Ra7 30. Qf5 Rd7 31. Qxh3 Qxc5 32. Qh8+ Kc7 33. Re8 Qg1 34. Rc8+ Kb6 35. Qd4+ Qxd4 36. cxd4 Re7 37. Kc2 Nc6 38. Kc3 Re4 39. Rf8 Rxd4 40. Rxf7 Ka5 41. b4+ Kb6 42. h4 Re4 43. h5 Re3+ 44. Kd2 Rxg3 45. h6 d4 46. h7 Rh3 47. Rf6 Rxh7 1/2-1/2

[Event "Las Palmas Insular-chT Segunda 1718"]
[Site "Las Palmas"]
[Date "2017.12.16"]
[Round "4.3"]
[White "Haenen, Tom"]
[Black "Gonzalez Santamaria, Pablo"]
[Result "1/2-1/2"]
[WhiteElo "1687"]
[BlackElo "1392"]
[PlyCount "49"]
[EventDate "2017.10.28"]
[EventType "team-swiss"]
[EventRounds "9"]
[EventCountry "ESP"]
[SourceTitle "EXT 2019"]
[Source "ChessBase"]
[SourceDate "2018.10.10"]
[SourceVersion "1"]
[SourceVersionDate "2018.10.10"]
[SourceQuality "1"]
[WhiteTeam "Anand II"]
[BlackTeam "Fundacion La Caja de Canarias III"]
[WhiteTeamCountry "ESP"]
[BlackTeamCountry "ESP"]

1. d4 c6 2. e4 d5 3. Nc3 e6 4. a3 Nd7 5. Nf3 dxe4 6. Nxe4 Ngf6 7. Ng3 Be7 8. Bd3 0-0 9. 0-0 Qc7 10. c4 Nb6 11. Ne5 Nbd7 12. Nxd7 Bxd7 13. Re1 Rfe8 14. Nh5 c5 15. Bf4 Qd8 16. dxc5 Bxc5 17. b4 Be7 18. Be5 Nxh5 19. Bxh7+ Kxh7 20. Qxh5+ Kg8 21. Re3 f6 22. Rh3 fxe5 23. Qh8+ Kf7 24. Qh5+ Kg8 25. Qh8+ 1/2-1/2

[Event "Gran Canaria Santana Memorial 5th"]
[Site "Gran Canaria"]
[Date "2017.02.21"]
[Round "6"]
[White "Haenen, Tom"]
[Black "Ruiz Romero, Pedro"]
[Result "0-1"]
[WhiteElo "1673"]
[BlackElo "1794"]
[PlyCount "90"]
[EventDate "2017.02.03"]
[EventType "swiss"]
[EventRounds "7"]
[EventCountry "ESP"]
[SourceTitle "CBM 177 Extra"]
[Source "ChessBase"]
[SourceDate "2017.04.27"]
[SourceVersion "1"]
[SourceVersionDate "2017.04.27"]
[SourceQuality "1"]

1. d4 d5 2. Nc3 Nf6 3. Bg5 e6 4. e4 dxe4 5. Nxe4 Be7 6. Bxf6 Bxf6 7. Nf3 b6 8. Bc4 Bb7 9. Qe2 Qe7 10. c3 0-0 11. 0-0-0 Nd7 12. h4 c5 13. d5 exd5 14. Bxd5 Bxd5 15. Rxd5 Rfe8 16. Nxf6+ Qxf6 17. Qd2 Nf8 18. Rd1 Ne6 19. Rd6 Qf5 20. Ng5 Nf8 21. Rd5 Qg4 22. f3 Qxh4 23. Ne4 Qe7 24. g4 Ng6 25. Nd6 Reb8 26. Nf5 Qc7 27. Nd6 Ne7 28. Rd3 Nc6 29. f4 b5 30. Rd5 Qa5 31. Rxc5 Nd8 32. Qd5 a6 33. f5 Qb6 34. Re1 h6 35. Re8+ Kh7 36. Nxf7 Nxf7 37. Rxb8 Rxb8 38. Qd4 Rd8 39. Rd5 Qxd4 40. Rxd4 Rxd4 41. cxd4 g6 42. Kd2 gxf5 43. gxf5 Kg7 44. Ke3 Kf6 45. Kf4 Nd6 0-1

[Event "Gran Canaria Cabildo op"]
[Site "Gran Canaria"]
[Date "2016.03.15"]
[Round "9"]
[White "Concepcion Villanueva, Daniel"]
[Black "Haenen, Tom"]
[Result "1-0"]
[WhiteElo "1759"]
[BlackElo "1691"]
[PlyCount "25"]
[EventDate "2016.02.16"]
[EventType "swiss"]
[EventRounds "9"]
[EventCountry "ESP"]
[SourceTitle "CBM 171 Extra"]
[Source "ChessBase"]
[SourceDate "2016.04.26"]
[SourceVersion "1"]
[SourceVersionDate "2016.04.26"]
[SourceQuality "1"]

1. e4 g6 2. f4 d6 3. Bc4 e6 4. Nf3 Bg7 5. Nc3 c6 6. d3 d5 7. Bb3 Ne7 8. 0-0 0-0 9. Qe1 Kh8 10. Qh4 f5 11. Ng5 h6 12. exf5 Nxf5 13. Nf7+ 1-0

[Event "Las Palmas Insular-chT Primera-B"]
[Site "Las Palmas"]
[Date "2016.03.05"]
[Round "13.1"]
[White "Haenen, Tom"]
[Black "Donate Villalba, Juan Francisco"]
[Result "0-1"]
[WhiteElo "1697"]
[BlackElo "1616"]
[PlyCount "112"]
[EventDate "2015.10.17"]
[EventType "team-tourn"]
[EventRounds "14"]
[EventCountry "ESP"]
[SourceTitle "EXT 2017"]
[Source "ChessBase"]
[SourceDate "2016.10.25"]
[SourceVersion "1"]
[SourceVersionDate "2016.10.25"]
[SourceQuality "1"]
[WhiteTeam "Anand III"]
[BlackTeam "Hotel Avda de Canarias V"]
[WhiteTeamCountry "ESP"]
[BlackTeamCountry "ESP"]

1. d4 d5 2. Nc3 Nf6 3. Bg5 e6 4. e4 dxe4 5. Nxe4 Be7 6. Bxf6 Bxf6 7. Nf3 b6 8. Bc4 Bb7 9. Qe2 Nc6 10. c3 Qe7 11. Ba6 Nd8 12. Bxb7 Nxb7 13. Qb5+ Qd7 14. Nxf6+ gxf6 15. Qxd7+ Kxd7 16. 0-0-0 c6 17. Rhe1 Rad8 18. h4 h5 19. g3 Rhe8 20. Re2 Kc7 21. Rde1 Nd6 22. b3 a5 23. a4 Nb7 24. c4 Rd7 25. Rd2 Red8 26. Red1 Nd6 27. Re2 Nf5 28. Red2 Nd6 29. Re1 Nb7 30. Kc2 c5 31. dxc5 Rxd2+ 32. Nxd2 Nxc5 33. Re3 Rd4 34. f4 f5 35. Kc3 Rd8 36. Kc2 Rg8 37. Nf1 Rd8 38. Nd2 f6 39. Kc3 Rg8 40. Kc2 Rg7 41. Kb2 e5 42. fxe5 fxe5 43. Kc2 e4 44. Nb1 Kd6 45. Nc3 Na6 46. Nd5 Nb4+ 47. Nxb4 axb4 48. Kd2 Ke5 49. Ke2 Rg6 50. Kf2 f4 51. gxf4+ Kxf4 52. Rh3 Rg4 53. Rh1 Rg3 54. Rb1 e3+ 55. Ke2 Rg2+ 56. Kd3 Rd2# 0-1

[Event "Gran Canaria Cabildo op"]
[Site "Gran Canaria"]
[Date "2016.02.26"]
[Round "4"]
[White "Haenen, Tom"]
[Black "Manchon Santana, Alberto"]
[Result "0-1"]
[WhiteElo "1691"]
[BlackElo "1863"]
[PlyCount "40"]
[EventDate "2016.02.16"]
[EventType "swiss"]
[EventRounds "9"]
[EventCountry "ESP"]
[SourceTitle "CBM 171 Extra"]
[Source "ChessBase"]
[SourceDate "2016.04.26"]
[SourceVersion "1"]
[SourceVersionDate "2016.04.26"]
[SourceQuality "1"]

1. d4 Nf6 2. Nc3 d5 3. Bg5 c5 4. Bxf6 exf6 5. e3 Nc6 6. g3 cxd4 7. exd4 Bb4 8. Nge2 Bg4 9. Qd3 0-0 10. 0-0-0 Qa5 11. f3 Bxc3 12. fxg4 Nb4 13. Qf3 Bxb2+ 14. Kd2 Rfe8 15. c3 Nxa2 16. Kc2 Bxc3 17. Nxc3 Nxc3 18. Rd3 Qa2+ 19. Kc1 Qb1+ 20. Kd2 Qb2# 0-1

[Event "Gran Canaria Cabildo op"]
[Site "Gran Canaria"]
[Date "2016.02.23"]
[Round "3"]
[White "Diaz Hernandez, Juan Jose"]
[Black "Haenen, Tom"]
[Result "0-1"]
[WhiteElo "1030"]
[BlackElo "1691"]
[PlyCount "70"]
[EventDate "2016.02.16"]
[EventType "swiss"]
[EventRounds "9"]
[EventCountry "ESP"]
[SourceTitle "CBM 171 Extra"]
[Source "ChessBase"]
[SourceDate "2016.04.26"]
[SourceVersion "1"]
[SourceVersionDate "2016.04.26"]
[SourceQuality "1"]

1. d4 d6 2. e4 Nf6 3. Nc3 g6 4. f3 Bg7 5. Bc4 0-0 6. Bf4 e6 7. Nge2 d5 8. Bd3 a6 9. Bg5 h6 10. Bf4 Nc6 11. Qd2 Kh7 12. h4 dxe4 13. fxe4 Nh5 14. Be3 Nxd4 15. g4 Nf3+ 16. Kd1 Nxd2 17. Bxd2 Nf6 18. g5 Ng4 19. Ke1 Ne5 20. Nf4 Nxd3+ 21. cxd3 h5 22. Ke2 b5 23. Nxh5 gxh5 24. Rag1 Kg6 25. e5 Bb7 26. Rh2 Qd4 27. Be3 Qxe5 28. Rf2 c5 29. a3 Rad8 30. Rd1 Rd4 31. Ne4 Bxe4 32. Bxd4 Bxd3+ 33. Kxd3 Qxd4+ 34. Ke2 Qxb2+ 35. Kf1 Qxa3 0-1